00388nam a2200121Ia 450000500170000000800410001708200130005810000170007124500170008826000330010530000130013850001150015120240823015020.0240331s9999 xx 000 0 und d bTOLa800 aTolstoy, L.N 0aAnna Karenin aEnglandbPenguin booksc1954 a852 p ., aAnna Karenin, Tolstoy's most perfect work, the psychological novel of the nineteenth century reached its peak.